जूही के फूल अनछुए: गीत संग्रह / (Record no. 208157)

MARC details
000 -LEADER
fixed length control field 00967nam a22001937a 4500
005 - DATE AND TIME OF LATEST TRANSACTION
control field 20250107152708.0
010 ## - LCCN (DPL NO)
LC control number HIN-129178
020 ## - INTERNATIONAL STANDARD BOOK NUMBER
International Standard Book Number 9788197663222
Terms of availability 360.00
035 ## - SYSTEM CONTROL NUMBER
System control number HN-101524
037 ## - SOURCE OF ACQUISITION
Source of stock number/acquisition DBAD
082 ## - DEWEY DECIMAL CLASSIFICATION NUMBER
Classification number 821
100 ## - MAIN ENTRY--PERSONAL NAME
Personal name रामकृष्ण
245 ## - TITLE STATEMENT
Title जूही के फूल अनछुए: गीत संग्रह /
Statement of responsibility, etc रामकृष्ण
250 ## - EDITION STATEMENT
Edition statement प्रथम
260 ## - PUBLICATION, DISTRIBUTION, ETC. (IMPRINT)
Place of publication, distribution, etc गाजियाबाद, उ. प्र.
Name of publisher, distributor, etc समदर्शी प्रकाशन
Date of publication, distribution, etc 2024
270 ## - ADDRESS
Address प्लाट नम्बर 152, विक्रम एन्क्लेव, शालीमार गाडर्न एक्स्टेंशन -1 ,साहिबाबाद
City गाजियाबाद, उ. प्र.
Postal code 201005
Telephone number 9599323508
Electronic mail address samdarshi.prakashan@gmail.com
300 ## - PHYSICAL DESCRIPTION
Extent 144 पृ.
Dimensions 22सेमी(सजिल्द)
942 ## - ADDED ENTRY ELEMENTS (KOHA)
Source of classification or shelving scheme Dewey Decimal Classification
Item type Hindi Books
Classification part 821
Call number suffix रामकृ
Holdings
Withdrawn status Lost status Not for loan Collection code Home library Current library Date acquired Source of acquisition Cost, normal purchase price Full call number Barcode Copy number Cost, replacement price Koha item type
      Non-fiction Sarojini Nagar Sarojini Nagar 07/01/2025 DBAD 360.00 821 रामकृ HN-101524 1 360.00 Hindi Books

© Delhi Public Library
Hit Counter
free hit counter